Loading...
Beliefs | 1 | 3 | 0 | 2 | 45 | 85 | 121.25 | 0 | 2 |
Science - Chemistry | 0 | 3 | 0 | 1 | 30 | 96 | 111.67 | 1 | 1 |
Geography | 0 | 2 | 0 | 1 | 20 | 98 | 107.50 | 0 | 0 |
Visual Arts | 0 | 2 | 0 | 0 | 20 | 124 | 126.50 | 0 | 1 |
Fine Arts - Other Arts | 0 | 2 | 0 | 1 | 20 | 126 | 129.00 | 0 | 1 |
Literature - American Literature | 0 | 2 | 0 | 0 | 20 | 69 | 94.00 | 1 | 2 |
Literature - World Literature | 0 | 2 | 0 | 1 | 20 | 140 | 144.50 | 0 | 1 |
Science - Biology | 1 | 1 | 1 | 0 | 20 | 57 | 75.50 | 1 | 2 |
Social Science | 0 | 2 | 0 | 2 | 20 | 110 | 120.00 | 0 | 1 |
Literature - European Literature | 0 | 1 | 0 | 0 | 10 | 143 | 143.00 | 0 | 1 |
Science - Physics | 0 | 1 | 0 | 1 | 10 | 139 | 139.00 | 0 | 0 |
Other Academic | 0 | 1 | 0 | 0 | 10 | 87 | 87.00 | 0 | 1 |
History - Ancient History | 0 | 1 | 0 | 1 | 10 | 125 | 125.00 | 0 | 0 |
History - European History | 0 | 1 | 0 | 1 | 10 | 122 | 122.00 | 0 | 0 |
Literature - British Literature | 0 | 1 | 0 | 0 | 10 | 123 | 123.00 | 0 | 1 |
History - World History | 0 | 1 | 1 | 0 | 5 | 133 | 133.00 | 0 | 1 |
History - Other History | 0 | 0 | 0 | 0 | 0 | 0.00 | 0 | 0 |